<?xml version="1.0" encoding="UTF-8"?><?xml-stylesheet type="text/xsl" href="static/style.xsl"?><OAI-PMH xmlns="http://www.openarchives.org/OAI/2.0/" xmlns:xsi="http://www.w3.org/2001/XMLSchema-instance" xsi:schemaLocation="http://www.openarchives.org/OAI/2.0/ http://www.openarchives.org/OAI/2.0/OAI-PMH.xsd"><responseDate>2026-06-02T10:38:03Z</responseDate><request verb="GetRecord" identifier="oai:riuma.uma.es:10630/5546" metadataPrefix="marc">https://riuma.uma.es/rest/oai/request</request><GetRecord><record><header><identifier>oai:riuma.uma.es:10630/5546</identifier><datestamp>2026-02-03T12:55:31Z</datestamp><setSpec>com_10630_4717</setSpec><setSpec>com_10630_3139</setSpec><setSpec>com_10630_10</setSpec><setSpec>col_10630_5501</setSpec></header><metadata><record xmlns="http://www.loc.gov/MARC21/slim" xmlns:dcterms="http://purl.org/dc/terms/" xmlns:doc="http://www.lyncode.com/xoai" xmlns:xsi="http://www.w3.org/2001/XMLSchema-instance" xsi:schemaLocation="http://www.loc.gov/MARC21/slim http://www.loc.gov/standards/marcxml/schema/MARC21slim.xsd">
   <leader>00925njm 22002777a 4500</leader>
   <datafield ind2=" " ind1=" " tag="042">
      <subfield code="a">dc</subfield>
   </datafield>
   <datafield ind2=" " ind1=" " tag="720">
      <subfield code="a">Carretón Ballester, María Carmen</subfield>
      <subfield code="e">author</subfield>
   </datafield>
   <datafield ind2=" " ind1=" " tag="260">
      <subfield code="c">2013</subfield>
   </datafield>
   <datafield ind2=" " ind1=" " tag="520">
      <subfield code="a">La Asociación de Epilepsia de la Provincia de Alicante (AEPA) implementa su estrategia de&#xd;
relaciones públicas concibiendo a los públicos de la epilepsia como minoritarios. Nuestro&#xd;
objetivo es evidenciar que: la eficacia de AEPA se basa en un cambio de su conducta;&#xd;
conducta reflejada en el diseño, la acción y la comunicación de su estrategia desde la teoría&#xd;
de las relaciones públicas. La aportación de este estudio de caso se centra en el cambio de&#xd;
actitudes y de conducta de los diferentes públicos de la epilepsia en la provincia de Alicante después de la implementación de una estrategia de relaciones públicas basada en los modelos simétricos bidireccionales.</subfield>
   </datafield>
   <datafield ind1="8" ind2=" " tag="024">
      <subfield code="a">2174-3681</subfield>
   </datafield>
   <datafield ind1="8" ind2=" " tag="024">
      <subfield code="a">http://hdl.handle.net/10630/5546</subfield>
   </datafield>
   <datafield tag="653" ind2=" " ind1=" ">
      <subfield code="a">Relaciones públicas</subfield>
   </datafield>
   <datafield tag="653" ind2=" " ind1=" ">
      <subfield code="a">Comunicación en la empresa</subfield>
   </datafield>
   <datafield ind2="0" ind1="0" tag="245">
      <subfield code="a">Eficacia de las relaciones con públicos minoritarios: el caso de la Asociación de Epilepsia de la Provincia de Alicante (AEPA)</subfield>
   </datafield>
</record>
</metadata></record></GetRecord></OAI-PMH>